LEADER 01550nam a2200229 i 4500 001 000000226162 003 CaOOAMICUS 005 20140114000000.0 008 140114s1831 xx u000 u lat u 013 $a205064 040 $aSeMil$bita 245 10$aVol. 1. 300 $a379 p. 490 0 $aCollectio selecta Ss. Ecclesiae Patrum : complectens exquisitissima opera tum dogmatica et moralia, tum apologetica et oratoria quae Parisiis incoepta et postmodum interrupta nunc accurantibus nonnullis sacrae eruditionis cultoribus continuatur ;$v7 500 $aFondo Card. C.M. Martini. 773 0 $aIoannes : Chrysostomus $tSancti patris Joannis Chrysostomi archiepiscopi constantinopolitani Opera.$dMediolani : Typis Antonii Fontana, 1831-1838.$kCollectio selecta Ss. Ecclesiae Patrum : complectens exquisitissima opera tum dogmatica et moralia, tum apologetica et oratoria quae Parisiis incoepta et postmodum interrupta nunc accurantibus nonnullis sacrae eruditionis cultoribus continuatur$g1$w()5516 830 0$aCollectio selecta Ss. Ecclesiae Patrum : complectens exquisitissima opera tum dogmatica et moralia, tum apologetica et oratoria quae Parisiis incoepta et postmodum interrupta nunc accurantibus nonnullis sacrae eruditionis cultoribus continuatur ;$v7.$0(OLS)http://semarc/title/12635 850 $aSeMil 852 $aSeMil$W1$xVenegono$y1$m2S II 95 FA$j176508$B176508$CSeMilBibl$Z2$F187176 $8I 941 1 $a4 961 $aOmaggio: Martini Card. Carlo Maria 996 $6245$aVol. 1$9(OLS)http://semarc/title/13429 LEADER 01144nam a2200253 i 4500 001 000000037415 003 CaOOAMICUS 005 20091104000000.0 008 091104s1953 it u000 u ita u 013 $a7677 040 $aSeMil$bita 100 1 $aBeni, Arialdo.$0(OLS)http://semarc/name/3053 245 13$aLa vera chiesa :$ble fonti della rivelazione /$cArialdo Beni . Settimio Cipriani. 260 $aFirenze :$bLibreria editrice fiorentina,$cstampa 1953. 300 $aXI, 724 p. ;$c26 cm. 490 0 $aNuovo corso di teologia cattolica ;$v2 650 4$aEcclesiologia.$0(OLS)http://semarc/subject/42996 650 4$aTeologia fondamentale.$0(OLS)http://semarc/subject/235 700 1 $aCipriani, Settimio .$0(OLS)http://semarc/name/3945 830 0$aNuovo corso di teologia cattolica ;$v2.$0(OLS)http://semarc/title/210 850 $aSeMil 852 $aSeMil$W1$xVenegono$y1$m2B V 147$j3570$B3570$CSeMilBibl$Z2$F3570 $81 996 $6245$aLa vera chiesa :$ble fonti della rivelazione$9(OLS)http://semarc/title/52359 996 $6260$aFirenze :$bLibreria editrice fiorentina$9(OLS)http://semarc/publisher/29690